Príspevok k spúšťaniu hydroagregátov do čerpadlovej prevádzky : Kand.diz.práca : V.odb. 39-21-9 : Obh. 02.11.1989 /

Gespeichert in:
Bibliographische Detailangaben
1. Verfasser: Kučera, Milan (Verfasst von)
Weitere Verfasser: Marko, Štefan (Betreuung Doktorarbeit)
Format: Manuskript Buch
Veröffentlicht: Bratislava : SVŠT v Bratislave EF, 1988
Schlagworte:
Tags: Tag hinzufügen
Keine Tags, Fügen Sie das erste Tag hinzu!

MARC

LEADER 00000ntm a22000003a 4500
001 stu4354
005 20150617225813.9
008 ------s1988----------------------------d
040 |a STU  |b slo 
041 0
100 1 |a Kučera, Milan  |4 aut 
245 1 |a Príspevok k spúšťaniu hydroagregátov do čerpadlovej prevádzky :  |b Kand.diz.práca : V.odb. 39-21-9 : Obh. 02.11.1989 /  |c [aut.] Kučera,Milan, Ing.; Škol. Marko,řtefan 
260 |a Bratislava :  |b SVŠT v Bratislave EF,  |c 1988 
300 |a 156 s :  |b príl +  |c Autoref.1988, 20 s 
650 7 |a energetika  |2 stusub 
700 1 |a Marko, Štefan  |4 ths  |u E130  |U FEI Fakulta elektrotechniky a informatiky  |T FEI Katedra elektroenergetiky  |U E130  |Y 59 
996 |b 284ED00425  |c E*KDIZ-595  |l EE01  |s A  |a 24  |w stu4354_0001